Những bài làm văn mẫu lớp 7
v.v...
Đã lưu trong:
| Tác giả chính: | |
|---|---|
| Định dạng: | Sách |
| Năm xuất bản: |
Hải Phòng
Hải Phòng
2002
|
| Chủ đề: | |
| Tags: |
Thêm thẻ
Không có thẻ, Hãy là người đầu tiên gắn thẻ bản ghi này!
|
| LEADER | 01671nam a2200253 4500 | ||
|---|---|---|---|
| 082 | |a 807 |b NG527H | ||
| 100 | |a Nguyễn Hương Giang | ||
| 245 | |a Những bài làm văn mẫu lớp 7 |c Nguyễn Hương Giang, Hoàng Vân | ||
| 260 | |a Hải Phòng |b Hải Phòng |c 2002 | ||
| 300 | |a 143 tr. |c 21 cm. | ||
| 520 | |a v.v... | ||
| 653 | |a Văn học | ||
| 653 | |a Tập làm văn | ||
| 653 | |a Lớp 7 | ||
| 942 | |2 ddc |c STK0 | ||
| 999 | |c 9024 |d 9024 | ||
| 952 | |0 0 |1 0 |2 ddc |4 0 |6 807_000000000000000_NG527H |7 0 |8 800 |9 73870 |a qbu |b qbu |c D5 |d 2015-05-04 |g 10000 |o 807 NG527H |p 8691.c1 |r 0000-00-00 |w 2015-05-04 |y STK0 | ||
| 952 | |0 0 |1 0 |2 ddc |4 0 |6 807_000000000000000_NG527H |7 0 |8 800 |9 73871 |a qbu |b qbu |c D5 |d 2015-05-04 |g 10000 |o 807 NG527H |p 8691.c2 |r 0000-00-00 |w 2015-05-04 |y STK0 | ||
| 952 | |0 0 |1 0 |2 ddc |4 0 |6 807_000000000000000_NG527H |7 0 |8 800 |9 73872 |a qbu |b qbu |c D5 |d 2015-05-04 |g 10000 |o 807 NG527H |p 8691.c3 |r 0000-00-00 |w 2015-05-04 |y STK0 | ||
| 952 | |0 0 |1 0 |2 ddc |4 0 |6 807_000000000000000_NG527H |7 0 |8 800 |9 73873 |a qbu |b qbu |c D5 |d 2015-05-04 |g 10000 |o 807 NG527H |p 8691.c4 |r 0000-00-00 |w 2015-05-04 |y STK0 | ||
| 952 | |0 0 |1 0 |2 ddc |4 0 |6 807_000000000000000_NG527H |7 0 |8 800 |9 73874 |a qbu |b qbu |c D5 |d 2015-05-04 |g 10000 |o 807 NG527H |p 8691.c5 |r 0000-00-00 |w 2015-05-04 |y STK0 | ||
| 952 | |0 0 |1 0 |2 ddc |4 0 |6 807_000000000000000_NG527H |7 0 |8 800 |9 73875 |a qbu |b qbu |c D5 |d 2015-05-04 |g 10000 |o 807 NG527H |p 8691.c6 |r 0000-00-00 |w 2015-05-04 |y STK0 | ||
| 952 | |0 0 |1 0 |2 ddc |4 0 |6 807_000000000000000_NG527H |7 0 |8 800 |9 73876 |a qbu |b qbu |c D5 |d 2015-05-04 |g 10000 |o 807 NG527H |p 8691.c7 |r 0000-00-00 |w 2015-05-04 |y STK0 | ||
| 952 | |0 0 |1 0 |2 ddc |4 0 |6 807_000000000000000_NG527H |7 0 |8 800 |9 73877 |a qbu |b qbu |c D5 |d 2015-05-04 |g 10000 |o 807 NG527H |p 8691.c8 |r 0000-00-00 |w 2015-05-04 |y STK0 | ||